Olivia Rodrigo - Paroles drivers license - Statistiques

Statistiques générales
  • Ce quiz a été pris 1 700 fois
  • Le résultat moyen est 301 sur 364
Statistiques - réponses
Hint Réponse % Correct
Couplet 1 | Refrain I
100%
drive
99%
go
98%
my
98%
we
98%
you
98%
you,
98%
driver's
97%
got
95%
last
95%
week
95%
about
94%
for
94%
me
94%
so
94%
To
94%
to
94%
your
94%
always
93%
But
93%
but
93%
oh
92%
(ooh,
92%
ooh,
92%
ooh)
92%
Just
91%
just
91%
license
91%
like
91%
no
91%
the
91%
were
91%
we're
91%
Couplet 2 | Couplet 3 | Refrain And
90%
talked
90%
'Cause
89%
'cause
89%
in
87%
house
86%
I'm
86%
that
86%
be
85%
know
85%
now
84%
today
84%
Today
84%
how
83%
never
83%
perfect
83%
street
83%
can't
82%
Can't
82%
could
82%
do,
82%
drove
82%
okay
82%
one
82%
one,
82%
this
82%
way
82%
finally
81%
love
81%
past
81%
weren't
81%
excited
80%
imagine
80%
alone
79%
gone
79%
felt
78%
through
77%
I've
76%
Bridge Red
76%
still
76%
up
76%
are
75%
girl
75%
lights,
75%
all
74%
ever
74%
face
74%
much
74%
see
74%
forever,
73%
hear
73%
said
73%
song
73%
with
73%
friends
71%
fuckin'
71%
stop
71%
babe
70%
blonde
70%
didn't
70%
Who
70%
someone
69%
what
69%
wrote
69%
you're
69%
around
68%
Cryin'
68%
mean
68%
signs
68%
else?
67%
made
67%
She's
67%
than
67%
insecure
66%
miss
66%
tired
66%
feel
65%
probably
65%
suburbs
65%
doubt
64%
everything
64%
sorry
63%
them
63%
used
63%
Yeah,
63%
yeah
63%
older
60%
Guess
59%
guess
59%
voice
59%
Of
58%
traffic,
58%
hearing
54%
kinda
52%
home
50%
they'll
50%
places
49%
driving
48%
laughing
48%
was
48%
Over
44%
noise
43%
white
43%
cars,
41%
pictured
38%
blue,
37%
front
37%
God,
36%
crossed
32%
yards
30%
Sidewalks
26%
Aucun quiz correspondant
Distribution des résultats
% des personnes avec chaque résultat
Percentile par nombre de réponses
Votre historique - résultats
Vous n’avez pas pris ce quiz